| 000 | 00625nam a2200229Ia 4500 | ||
|---|---|---|---|
| 003 | OSt | ||
| 005 | 20220926044546.0 | ||
| 006 | a|||||r|||| 00| 0 | ||
| 007 | ta | ||
| 008 | 220923b |||||||| |||| 00| 0 eng d | ||
| 037 | _cGeneral Book | ||
| 040 |
_aRTL _cRTL _beng |
||
| 041 |
_2eng _aeng |
||
| 082 | _aV2.N5, J7.2 | ||
| 100 |
_aSastri K A Nilakanta Ed. _9151138 |
||
| 245 | 0 | _aComprehensive history of India. V2 | |
| 260 | _c1957 | ||
| 490 | _vV 2: The Mauryas and Satavahanas | ||
| 650 | _aIndian History | ||
| 942 |
_hV2.N5, J7.2 _cGB _2CC |
||
| 999 |
_c675210 _d675210 |
||